• 首页
  • 本馆介绍
  • 公告通知
  • 最新文献
  • 馆藏检索
  • 电子资源
  • 读者导购
  • 参考咨询
  • 我的图书馆
  • 登录
  • 详细信息显示
  • 放入我的书架
  • 预约/预借图书
  • 作者相关作品
  • 分类相关作品
  • 丛书相关作品
  • 出版社相关作品

书目信息

  • 表格格式
  • 工作单格式
  • 卡片格式
题名:
计算机辅助药物分子设计
    
 
作者: 徐筱杰 编著
分册:  
出版信息: 北京   化学工业出版社  2004
页数: 540页
开本: 26cm
丛书名:
单 册:
中图分类: R962-39
科图分类:
主题词: 药物--化学结构--计算机辅助设计 , 药物 , 化学结构 , 计算机辅助设计
电子资源:
ISBN: 7-5025-5520-X
000 00849nam0 2200265 450
001 002704345
005 20070805110637.50
010    @a7-5025-5520-X@dCNY75.00
100    @a20040802d2004 em y0chiy0110 ea
101 0  @achi
102    @aCN@b110000
105    @ay z 000yy
106    @ar
200 1  @a计算机辅助药物分子设计@Aji suan ji fu zhu yao wu fen zi she ji@f徐筱杰等编著@Fxu xiao jie deng bian zhu
210    @a北京@c化学工业出版社@d2004
215    @a540页@d26cm
330    @a全书对CADD的传统方法以及一些新的方法都进行了介绍,而且结合大量实例对药物设计的基本和具体操作进行了详尽论述。
606 0  @a药物@x化学结构@x计算机辅助设计
606 0  @a药物
606 0  @a化学结构
606 0  @a计算机辅助设计
690    @aR962-39@v4
701  0 @a徐筱杰@Axu xiao jie@f(1937~)@4编著
801  0 @aCN@bNLC@c20070805
905    @dR962-39@e68@f5
    
    计算机辅助药物分子设计/徐筱杰等编著.-北京:化学工业出版社,2004
    540页;26cm
    
    
    ISBN 7-5025-5520-X:CNY75.00
    全书对CADD的传统方法以及一些新的方法都进行了介绍,而且结合大量实例对药物设计的基本和具体操作进行了详尽论述。
●
相关链接 在E读中查询图书 在五车中查询图书 在当当中查询图书 在豆瓣中查询图书


正题名:计算机辅助药物分子设计     索取号:R962-39/68         预约/预借

序号 登录号 条形码 馆藏地/架位号 状态 备注
1 0850780   208507800   第二样本阅览室/ [索取号:R962-39/68] 在馆    
2 0850781   208507819   教育系资料室/ [索取号:R962-39/68] 在馆    
3 0850782   208507828   教育系资料室/ [索取号:R962-39/68] 在馆    
4 0850783   208507837   第三借阅区/ [索取号:R962-39/68] 在馆    
5 0850784   208507846   第三借阅区/ [索取号:R962-39/68] 在馆    
唐山师范学院图书馆 欢迎您!
大连网信软件有限公司© 版权所有